[Event "chess.com SpeedChess Q2KO"]
[Site "chess.com INT"]
[Date "2022.11.13"]
[Round "1.6"]
[White "Grischuk, Alexander"]
[Black "Duda, Jan-Krzysztof"]
[Result "1-0"]
[WhiteTitle "GM"]
[BlackTitle "GM"]
[WhiteElo "2745"]
[BlackElo "2731"]
[WhiteFideId "4126025"]
[BlackFideId "1170546"]
[EventDate "2022.11.13"]
[EventType "k.o."]

1. Nf3 d5 2. g3 Nc6 3. d4 Bf5 4. Bg2 Nb4 5. Na3 e6 6. O-O Be7 7. Ne5 Nf6 8. c3
Nc6 9. Qa4 O-O 10. Nxc6 bxc6 11. Qxc6 Rb8 12. Qa4 h5 13. Nc2 h4 14. Nb4 h3 15.
Bf3 Ne4 16. Bxe4 Bxe4 17. Nc6 Qd7 18. b3 Bd6 19. Nxb8 Qxa4 20. bxa4 Rxb8 21. f3
Bf5 22. Bf4 Rb2 23. Bxd6 cxd6 24. Rf2 Rb6 25. Rc1 g5 26. g4 Bg6 27. e3 Bd3 28.
Rd2 Bc4 29. Kf2 Ra6 30. Kg3 Rxa4 31. Kxh3 Kg7 32. Kg3 Ra6 33. Rb2 Rc6 34. h4
gxh4+ 35. Kxh4 a5 36. a4 Bd3 37. Kg3 Rc4 38. Ra2 Bg6 39. Kf2 Kf6 40. Ke2 Kg5 41.
Kd2 Kh4 42. Ke2 Kg3 43. Rg1+ Kh4 44. Ra3 Kg5 45. Kf2 Bc2 46. Kg3 Kf6 47. Kf4 e5+
48. Kg3 Kg6 49. f4 f6 50. f5+ Kg7 51. Rc1 Bd3 52. Rd1 Be4 53. Rd2 Kh6 54. Rh2+
Kg7 55. Rb2 Rc7 56. Rb6 Kh6 57. Rxd6 Kg5 58. Rd8 1-0

[Event "chess.com SpeedChess Q2KO"]
[Site "chess.com INT"]
[Date "2022.11.13"]
[Round "1.6"]
[White "Lazavik, Denis"]
[Black "Artemiev, Vladislav"]
[Result "0-1"]
[WhiteTitle "IM"]
[BlackTitle "GM"]
[WhiteElo "2529"]
[BlackElo "2701"]
[WhiteFideId "13515110"]
[BlackFideId "24101605"]
[EventDate "2022.11.13"]
[EventType "k.o."]

1. d4 d5 2. c4 c6 3. Nf3 Nf6 4. Nc3 e6 5. Bg5 Nbd7 6. cxd5 exd5 7. e3 Be7 8. Qc2
Nh5 9. Bxe7 Qxe7 10. O-O-O Nb6 11. Bd3 Bg4 12. Kb1 g6 13. h3 Bxf3 14. gxf3 Qh4
15. f4 O-O 16. Rdg1 Nf6 17. Rg3 Rac8 18. Ne2 Nbd7 19. f5 Kh8 20. Nf4 g5 21. Ng2
Qh6 22. h4 Rg8 23. Qd1 g4 24. Nf4 Qf8 25. h5 c5 26. dxc5 Qxc5 27. Qb3 Ne5 28.
Rgg1 d4 29. Rc1 Qd6 30. Be2 Rxc1+ 31. Rxc1 Ne4 32. Rd1 Nxf2 33. Rxd4 Qc6 34. a3
g3 35. Bf1 Qh1 36. Qb5 Ned3 37. Nxd3 Qxf1+ 38. Ka2 Ng4 39. Rxg4 Rxg4 40. Qe5+
Kg8 41. Qe8+ Kg7 42. Qe5+ Kg8 43. h6 Kf8 44. Qd6+ Ke8 45. Ne5 Qxf5 46. Qb8+ Ke7
47. Qxb7+ Ke6 48. Nc6 Qd5+ 49. Ka1 Qd1+ 50. Ka2 Qd5+ 51. Ka1 Kd6 52. Qb8+ Kxc6
53. Qc8+ Kd6 54. Qxg4 g2 55. Qf4+ Ke7 56. Qc7+ Ke6 57. Qc8+ Kf6 58. Qc3+ Kg6 59.
Qg7+ Kh5 60. e4 Qd1+ 61. Ka2 g1=Q 62. Qxf7+ Qg6 0-1

[Event "chess.com SpeedChess Q2KO"]
[Site "chess.com INT"]
[Date "2022.11.13"]
[Round "1.6"]
[White "Naroditsky, Daniel"]
[Black "Dubov, Daniil"]
[Result "1/2-1/2"]
[WhiteTitle "GM"]
[BlackTitle "GM"]
[WhiteElo "2617"]
[BlackElo "2708"]
[WhiteFideId "2026961"]
[BlackFideId "24126055"]
[EventDate "2022.11.13"]
[EventType "k.o."]

1. e4 c5 2. Nf3 d6 3. Bb5+ Bd7 4. c4 Nc6 5. Nc3 Nf6 6. O-O g6 7. d4 cxd4 8. Nxd4
Bg7 9. Bxc6 Bxc6 10. f3 O-O 11. Be3 Nd7 12. Qd2 Re8 13. Rac1 a5 14. b3 Ne5 15.
Rfd1 a4 16. Nxc6 bxc6 17. Nxa4 c5 18. Nc3 Nc6 19. Nb5 Qa5 20. Qxa5 Rxa5 21. a4
Rb8 22. Bd2 Raa8 23. Bc3 Bxc3 24. Rxc3 h5 25. h4 Kg7 26. Kf2 Ne5 1/2-1/2

[Event "chess.com SpeedChess Q2KO"]
[Site "chess.com INT"]
[Date "2022.11.13"]
[Round "1.6"]
[White "Xiong, Jeffery"]
[Black "Salem, A.R. Saleh"]
[Result "1/2-1/2"]
[WhiteTitle "GM"]
[BlackTitle "GM"]
[WhiteElo "2692"]
[BlackElo "2677"]
[WhiteFideId "2047640"]
[BlackFideId "9301348"]
[EventDate "2022.11.13"]
[EventType "k.o."]

1. e4 e5 2. Nf3 Nc6 3. Nc3 Nf6 4. d4 exd4 5. Nxd4 Bb4 6. Nxc6 bxc6 7. Bd3 d5 8.
exd5 cxd5 9. O-O O-O 10. h3 c6 11. Qf3 h6 12. Bf4 Bd6 13. Rfe1 Bxf4 14. Qxf4 c5
15. Rad1 Qb6 16. b3 Bd7 17. Bf5 Bc6 18. Rd3 Rfe8 19. Rxe8+ Rxe8 20. Re3 Rxe3 21.
fxe3 Qd8 22. Qe5 a5 23. Bd3 h5 24. e4 dxe4 25. Nxe4 Nxe4 26. Bxe4 Bxe4 27. Qxe4
Qd1+ 28. Kh2 Qd6+ 29. Kg1 Qd1+ 30. Kh2 Qd6+ 31. Kg1 Qd1+ 1/2-1/2

[Event "chess.com SpeedChess Q2KO"]
[Site "chess.com INT"]
[Date "2022.11.13"]
[Round "1.7"]
[White "Artemiev, Vladislav"]
[Black "Lazavik, Denis"]
[Result "1-0"]
[WhiteTitle "GM"]
[BlackTitle "IM"]
[WhiteElo "2701"]
[BlackElo "2529"]
[WhiteFideId "24101605"]
[BlackFideId "13515110"]
[EventDate "2022.11.13"]
[EventType "k.o."]

1. c4 Nf6 2. Nf3 e6 3. b3 d5 4. Bb2 Be7 5. g3 O-O 6. Bg2 c5 7. cxd5 Nxd5 8. O-O
Nc6 9. d4 cxd4 10. Nxd4 Bd7 11. Na3 Nxd4 12. Qxd4 Bf6 13. Qd2 Bc6 14. Nc4 Bxb2
15. Qxb2 Ne7 16. Rfd1 Qc7 17. Rac1 Bxg2 18. Kxg2 Nc6 19. b4 Rfd8 20. Rxd8+ Qxd8
21. b5 Qd5+ 22. e4 Qxe4+ 23. f3 Qd5 24. bxc6 Qxc6 25. Ne5 Qd5 26. Rc7 f6 27. Ng4
Rf8 28. Qxb7 Qg5 29. h4 Qg6 30. h5 Qg5 31. h6 gxh6 32. Rxh7 1-0

[Event "chess.com SpeedChess Q2KO"]
[Site "chess.com INT"]
[Date "2022.11.13"]
[Round "1.7"]
[White "Dubov, Daniil"]
[Black "Naroditsky, Daniel"]
[Result "0-1"]
[WhiteTitle "GM"]
[BlackTitle "GM"]
[WhiteElo "2708"]
[BlackElo "2617"]
[WhiteFideId "24126055"]
[BlackFideId "2026961"]
[EventDate "2022.11.13"]
[EventType "k.o."]

1. d4 Nf6 2. Nf3 g6 3. c4 Bg7 4. Nc3 d6 5. Bg5 Bf5 6. e3 Ne4 7. Nxe4 Bxe4 8. Bd3
Bxd3 9. Qxd3 O-O 10. h4 h6 11. h5 hxg5 12. hxg6 e6 13. Rh5 Qf6 14. gxf7+ Rxf7
15. O-O-O Qf5 16. Qb3 Nd7 17. Rxg5 Qe4 18. Rh1 Raf8 19. Rh4 Qc6 20. Qc2 Rf5 21.
d5 Qb6 22. dxe6 Nc5 23. Rxf5 Qxb2+ 24. Qxb2 Bxb2+ 25. Kxb2 Rxf5 26. Rg4+ Kf8 27.
Rf4 Nd3+ 28. Kc3 Nxf4 29. exf4 Rxf4 30. Kd3 Ke7 0-1

[Event "chess.com SpeedChess Q2KO"]
[Site "chess.com INT"]
[Date "2022.11.13"]
[Round "1.7"]
[White "Duda, Jan-Krzysztof"]
[Black "Grischuk, Alexander"]
[Result "0-1"]
[WhiteTitle "GM"]
[BlackTitle "GM"]
[WhiteElo "2731"]
[BlackElo "2745"]
[WhiteFideId "1170546"]
[BlackFideId "4126025"]
[EventDate "2022.11.13"]
[EventType "k.o."]

1. e4 e6 2. d4 d5 3. Nc3 Nf6 4. e5 Nfd7 5. f4 c5 6. Nf3 Nc6 7. Be3 cxd4 8. Nxd4
Qb6 9. Qd2 Qxb2 10. Rb1 Qa3 11. Bb5 Nxd4 12. Bxd4 a6 13. Bxd7+ Bxd7 14. Rb3 Qe7
15. Rxb7 Qh4+ 16. Qf2 Qxf2+ 17. Kxf2 Be7 18. Rhb1 Bd8 19. Ke3 Bc6 20. R7b3 O-O
21. Bc5 Re8 22. Ne2 Ba4 23. R3b2 Rc8 24. Bb6 Be7 25. c3 Bb5 26. Bd4 Rc4 27. Nc1
Rec8 28. Nd3 f6 29. Kd2 Kf7 30. g3 Ra4 31. Nb4 Rc7 32. Nc2 Ba3 33. Nxa3 Rxa3 34.
Rc2 h5 35. Rb3 Ra4 36. Rcb2 Kg6 37. Rb4 Ra3 38. R4b3 Ra4 39. Rb4 Rxb4 40. Rxb4
Kf5 41. a4 Bd7 42. Rb8 Bxa4 43. Rf8 Ke4 44. exf6 gxf6 45. Rxf6 Bd7 46. Rf7 Rb7
47. Re7 a5 48. Bc5 a4 49. Bb4 d4 50. Kc2 dxc3 51. Kxc3 Kd5 52. Rh7 Rc7+ 53. Kb2
Kc4 54. Ka3 Rb7 55. Bd6 Rb3+ 56. Ka2 Bc6 57. Rc7 Kb5 58. Ka1 Rd3 59. Be5 Rd1+
60. Kb2 Rd2+ 61. Ka1 a3 62. Bc3 Rxh2 63. Rc8 Bd5 64. Rb8+ Kc4 65. Be5 Kd3 66.
Rb4 a2 0-1

[Event "chess.com SpeedChess Q2KO"]
[Site "chess.com INT"]
[Date "2022.11.13"]
[Round "1.7"]
[White "Salem, A.R. Saleh"]
[Black "Xiong, Jeffery"]
[Result "1-0"]
[WhiteTitle "GM"]
[BlackTitle "GM"]
[WhiteElo "2677"]
[BlackElo "2692"]
[WhiteFideId "9301348"]
[BlackFideId "2047640"]
[EventDate "2022.11.13"]
[EventType "k.o."]

1. d4 d5 2. c4 dxc4 3. Nf3 a6 4. e4 b5 5. a4 Bb7 6. e5 e6 7. Be2 Ne7 8. Nc3 b4
9. Nb1 a5 10. Nbd2 Nf5 11. Nxc4 Be7 12. O-O Qd5 13. Ne3 Nxe3 14. Bxe3 Ba6 15.
Rc1 c6 16. Nd2 Bxe2 17. Qxe2 O-O 18. Qg4 Rd8 19. Ne4 Nd7 20. Bh6 Bf8 21. Rfd1
Qb3 22. h4 Kh8 23. Ng5 Kg8 24. Ne4 Kh8 25. Nd6 Kg8 26. h5 f5 27. Qg5 Nf6 28.
exf6 Rxd6 29. fxg7 Be7 30. Qxe7 Rdd8 31. d5 Re8 32. Qf6 exd5 33. Re1 1-0

[Event "chess.com SpeedChess Q2KO"]
[Site "chess.com INT"]
[Date "2022.11.13"]
[Round "1.8"]
[White "Grischuk, Alexander"]
[Black "Duda, Jan-Krzysztof"]
[Result "1-0"]
[WhiteTitle "GM"]
[BlackTitle "GM"]
[WhiteElo "2745"]
[BlackElo "2731"]
[WhiteFideId "4126025"]
[BlackFideId "1170546"]
[EventDate "2022.11.13"]
[EventType "k.o."]

1. Nf3 Nf6 2. g3 d5 3. Bg2 Nc6 4. d4 Bf5 5. O-O Nb4 6. Na3 e6 7. Nh4 Bg4 8. c3
Nc6 9. Nc2 Bh5 10. Ne1 Be7 11. Nd3 Bg6 12. Nxg6 hxg6 13. f3 Na5 14. e4 c6 15. e5
Ng8 16. f4 Nh6 17. g4 Qc7 18. b3 O-O-O 19. Be3 Kb8 20. h3 Rc8 21. Rc1 Rhd8 22.
Qe2 Ka8 23. c4 dxc4 24. bxc4 Qd7 25. Rfd1 Ng8 26. Nf2 Ba3 27. Rb1 Bf8 28. Bd2
Qc7 29. Bc3 Ne7 30. Ne4 g5 31. fxg5 Ng6 32. Qf1 Nh4 33. Bh1 Rb8 34. c5 Be7 35.
Qxf7 Rf8 36. Qxe6 Nf3+ 37. Bxf3 Rxf3 38. Rf1 Rxh3 39. Rf7 Qd8 40. Rxe7 Qh8 41.
Nf2 Rg3+ 42. Kf1 Rxc3 43. Kg2 Rc2 44. Rh1 Qf8 45. Rf1 Nc4 46. Qf7 Ne3+ 47. Kg1
Qh8 48. Qf3 Nxf1 49. Kxf1 Rf8 50. Rf7 Rd8 51. e6 Rb8 52. e7 Rc1+ 53. Kg2 Qe8 54.
Qf4 Re1 55. Rf8 Rxe7 56. Rxe8 Rbxe8 57. Nd3 Rd7 58. Ne5 Rd5 59. g6 Red8 60. Nf3
R5d7 61. g5 a6 62. a3 Ka7 63. Kg3 Ka8 64. Kf2 Ka7 65. Ke3 Rh8 66. Ne5 Re7 67.
Qf5 Rhe8 68. Kd3 Rd8 69. Kc4 Ka8 70. Qf7 Rde8 71. Qf4 Rd8 72. a4 Ka7 73. Kc3 Ka8
74. Nc4 Rde8 75. Nd6 Rh8 76. Nf5 Rd7 77. Kc4 Rf8 78. Qe4 Rfd8 79. Nd6 Rh8 80. d5
cxd5+ 81. Kxd5 Rhd8 82. a5 Ka7 83. Qe6 Rc7 84. Kc4 Rdd7 85. Qd5 Re7 86. Kd4 Rc6
87. Nc4 Rec7 88. Ne5 Ka8 89. Nxc6 1-0

[Event "chess.com SpeedChess Q2KO"]
[Site "chess.com INT"]
[Date "2022.11.13"]
[Round "1.8"]
[White "Lazavik, Denis"]
[Black "Artemiev, Vladislav"]
[Result "0-1"]
[WhiteTitle "IM"]
[BlackTitle "GM"]
[WhiteElo "2529"]
[BlackElo "2701"]
[WhiteFideId "13515110"]
[BlackFideId "24101605"]
[EventDate "2022.11.13"]
[EventType "k.o."]

1. d4 d5 2. c4 e6 3. Nf3 Nf6 4. g3 Bd6 5. Bg2 O-O 6. O-O Nc6 7. b3 a5 8. Bb2 a4
9. Nbd2 b6 10. Rc1 Bb7 11. Qc2 axb3 12. axb3 Nb4 13. Qb1 c5 14. dxc5 bxc5 15.
cxd5 exd5 16. Ng5 g6 17. Nc4 Be7 18. Ne5 Qb8 19. Rcd1 d4 20. Bxb7 Qxb7 21. Ngf3
Qe4 22. Qxe4 Nxe4 23. Nd3 Ra2 24. Rb1 Nxd3 25. exd3 Nc3 26. Bxc3 dxc3 27. Rbc1
Bf6 28. Rfe1 Rb8 29. Ne5 c2 30. Nd7 Bg5 31. Nxb8 Bd2 32. Kg2 Rb2 33. Nc6 Bxe1
34. Rxe1 Rb1 35. Re8+ Kg7 0-1

[Event "chess.com SpeedChess Q2KO"]
[Site "chess.com INT"]
[Date "2022.11.13"]
[Round "1.8"]
[White "Naroditsky, Daniel"]
[Black "Dubov, Daniil"]
[Result "0-1"]
[WhiteTitle "GM"]
[BlackTitle "GM"]
[WhiteElo "2617"]
[BlackElo "2708"]
[WhiteFideId "2026961"]
[BlackFideId "24126055"]
[EventDate "2022.11.13"]
[EventType "k.o."]

1. e4 g6 2. d4 d6 3. Nc3 Bg7 4. Be2 Nf6 5. Nf3 O-O 6. O-O Nc6 7. h3 a6 8. d5 Na7
9. a4 b6 10. Be3 Bb7 11. Re1 c6 12. dxc6 Nxc6 13. Bf1 Rc8 14. Qd2 Re8 15. Bh6
Bh8 16. Rad1 Nd7 17. Bc4 Nce5 18. Nxe5 Nxe5 19. Bb3 Nc4 20. Qf4 Be5 21. Qf3 e6
22. Bxc4 Rxc4 23. Bf4 Bxc3 24. bxc3 e5 25. Qd3 Rxa4 26. Bg3 Re6 27. Ra1 Rxa1 28.
Rxa1 Qc7 29. c4 Qc6 30. f3 Re7 31. Rd1 Re6 32. Bf2 b5 33. cxb5 axb5 34. Rb1 Ba6
35. Ra1 Re8 36. Rd1 Rd8 37. Bh4 Rd7 38. Bf6 Qc5+ 39. Kh2 Qc4 40. Qe3 Qe6 41. Bh4
Kg7 42. Ra1 Bb7 43. Ra7 d5 44. exd5 Qxd5 45. Bg3 f6 46. Ra1 g5 47. Rb1 h6 48.
Qe2 Bc6 49. Bf2 Qd2 50. Re1 Qxe2 51. Rxe2 Kf7 52. h4 Ke6 53. hxg5 hxg5 54. Kg3
Rd1 55. Be3 Bd5 56. Kf2 Rb1 57. Rd2 Rb2 58. c3 Rb3 59. Rc2 Bc4 60. Bc1 Bd3 61.
Rb2 Rxc3 62. Bd2 Rc2 63. Rxc2 Bxc2 64. g3 e4 65. f4 gxf4 66. gxf4 f5 67. Ke3 Kd5
68. Bc3 Kc4 69. Be5 Bd3 70. Bf6 Bf1 71. Be5 Bh3 72. Bf6 Bg4 73. Be5 Bh5 74. Bf6
Bf7 75. Be5 b4 76. Bf6 Kb3 77. Kd2 e3+ 78. Kxe3 Kc2 79. Kd4 Bh5 80. Ke3 Bg4 0-1

[Event "chess.com SpeedChess Q2KO"]
[Site "chess.com INT"]
[Date "2022.11.13"]
[Round "1.8"]
[White "Xiong, Jeffery"]
[Black "Salem, A.R. Saleh"]
[Result "0-1"]
[WhiteTitle "GM"]
[BlackTitle "GM"]
[WhiteElo "2692"]
[BlackElo "2677"]
[WhiteFideId "2047640"]
[BlackFideId "9301348"]
[EventDate "2022.11.13"]
[EventType "k.o."]

1. e4 e5 2. Nf3 Nc6 3. Nc3 Nf6 4. d4 exd4 5. Nxd4 Bb4 6. Nxc6 bxc6 7. Bd3 d5 8.
exd5 cxd5 9. O-O O-O 10. h3 c6 11. Qf3 h6 12. Bf4 Bd6 13. Rfd1 Bxf4 14. Qxf4 Re8
15. Na4 Qa5 16. b3 Be6 17. c4 Rad8 18. Bf1 Ne4 19. cxd5 Bxd5 20. Rd4 Re6 21. f3
Ng5 22. Rad1 Rg6 23. Kh1 Ne6 24. Qd2 Qc7 25. Rd3 Nf4 26. Rd4 Nxh3 27. Nc3 Qg3
28. Ne4 Bxe4 29. Rxd8+ Kh7 30. fxe4 Nf2+ 31. Kg1 Nh3+ 32. Kh1 Nf2+ 33. Kg1 Ng4
34. Bd3 Qh2+ 35. Kf1 Rf6+ 0-1

[Event "chess.com SpeedChess Q2KO"]
[Site "chess.com INT"]
[Date "2022.11.13"]
[Round "1.9"]
[White "Artemiev, Vladislav"]
[Black "Lazavik, Denis"]
[Result "1/2-1/2"]
[WhiteTitle "GM"]
[BlackTitle "IM"]
[WhiteElo "2701"]
[BlackElo "2529"]
[WhiteFideId "24101605"]
[BlackFideId "13515110"]
[EventDate "2022.11.13"]
[EventType "k.o."]

1. c4 f5 2. b3 Nf6 3. Bb2 e6 4. g3 d6 5. d4 g6 6. Bg2 Bg7 7. Nf3 O-O 8. O-O Qe7
9. Nbd2 Nc6 10. Qc1 a5 11. Re1 e5 12. dxe5 dxe5 13. e4 f4 14. Bc3 Nh5 15. a3 g5
16. Qb2 g4 17. Nh4 Nd4 18. Bxd4 exd4 19. Nf5 Bxf5 20. exf5 Qg5 21. Bxb7 Rad8 22.
Bd5+ Kh8 23. Qc2 d3 24. Qxd3 c6 25. Ne4 Qxf5 26. Rad1 cxd5 27. cxd5 fxg3 28.
hxg3 Nf6 29. Nxf6 Qxf6 30. Rd2 Qf3 31. Re3 Qf5 32. Qxf5 Rxf5 33. Red3 Rd6 34. b4
axb4 35. axb4 Kg8 36. b5 Rf7 37. Rc2 Rb7 38. Rc6 Bf8 39. b6 Rxb6 40. Rc4 h5 41.
f3 gxf3 42. Rf4 Rb5 43. Rdxf3 Bg7 44. g4 h4 45. g5 Rdxd5 46. Rxh4 Rxg5+ 47. Kh2
Rb2+ 48. Kh3 Rg1 49. Rg4 Rh1+ 50. Kg3 Kh7 51. Rh4+ Rxh4 52. Kxh4 Rb4+ 53. Kg3
Kg6 54. Re3 Bf6 55. Kf3 Kf5 56. Rd3 Be5 57. Re3 Rh4 58. Rd3 Bd4 59. Ke2 Ke4 60.
Rd2 Bc3 61. Rc2 Kd4 62. Kd1 Rh8 63. Ke2 Re8+ 64. Kf3 Kd3 65. Rg2 Bd2 66. Kg4 Be3
67. Rg3 Rf8 68. Rg2 Ke4 69. Rg3 Bf2 70. Rg2 Rf4+ 71. Kg5 Rf7 72. Kg4 Ke3 73. Kh3
Ke2 74. Kg4 Kf1 75. Rh2 Rg7+ 76. Kf3 Rg3+ 77. Kf4 Ra3 78. Rh5 Kg2 79. Kg4 Bg3
80. Kf5 Ra4 81. Kg5 Kf3 82. Kf5 Ra8 83. Kg5 Bf4+ 84. Kf5 Rf8+ 85. Kg6 Kg4 86.
Rh7 Ra8 87. Rf7 Ra6+ 88. Rf6 Ra5 89. Kf7 Kg5 90. Rg6+ Kf5 91. Rf6+ Ke5 92. Kg6
Ke4 93. Kf7 Be5 94. Rh6 Ra7+ 95. Kg6 Bf4 96. Rh5 Kf3 97. Kf5 Ra5+ 98. Kg6 Ra7
99. Kf5 Rf7+ 100. Kg6 Rf8 101. Rf5 Ra8 102. Rh5 1/2-1/2

[Event "chess.com SpeedChess Q2KO"]
[Site "chess.com INT"]
[Date "2022.11.13"]
[Round "1.9"]
[White "Dubov, Daniil"]
[Black "Naroditsky, Daniel"]
[Result "1-0"]
[WhiteTitle "GM"]
[BlackTitle "GM"]
[WhiteElo "2708"]
[BlackElo "2617"]
[WhiteFideId "24126055"]
[BlackFideId "2026961"]
[EventDate "2022.11.13"]
[EventType "k.o."]

1. d4 Nf6 2. Nf3 g6 3. c4 Bg7 4. Nc3 d6 5. Bg5 Bf5 6. e3 Ne4 7. Nxe4 Bxe4 8. Bd3
Bxd3 9. Qxd3 c5 10. O-O Nc6 11. d5 Nb8 12. e4 Nd7 13. Qd2 h6 14. Bf4 g5 15. Bg3
Rb8 16. Rfe1 Qc7 17. a4 a6 18. Re2 b5 19. axb5 axb5 20. Rae1 Ne5 21. Bxe5 Bxe5
22. Nxe5 dxe5 23. b3 bxc4 24. bxc4 Rb4 25. Qc3 f6 26. h4 gxh4 27. Qh3 h5 28. Ra2
Kf7 29. Rea1 Qc8 30. Qe3 Qg4 31. Qxc5 Rb7 32. d6 Qe6 33. Ra7 Rhb8 34. dxe7 Qxe7
35. Qd5+ Kg6 36. Rxb7 Qxb7 37. Qd6 Rc8 38. Qe6 Qc6 39. Qf5+ Kg7 40. Qxh5 Rc7 41.
Qg4+ Kf7 42. Qxh4 Qxc4 43. Qh7+ Ke6 44. Qg8+ Ke7 45. Qb8 Qc5 46. Rd1 Kf7 47. Qh8
Kg6 48. Qg8+ Rg7 49. Qe8+ Rf7 50. g3 Kg7 51. Qe6 Qe7 52. Qg4+ Kf8 53. Qh5 Rh7
54. Qf5 Kg7 55. Rd7 1-0

[Event "chess.com SpeedChess Q2KO"]
[Site "chess.com INT"]
[Date "2022.11.13"]
[Round "1.9"]
[White "Duda, Jan-Krzysztof"]
[Black "Grischuk, Alexander"]
[Result "1/2-1/2"]
[WhiteTitle "GM"]
[BlackTitle "GM"]
[WhiteElo "2731"]
[BlackElo "2745"]
[WhiteFideId "1170546"]
[BlackFideId "4126025"]
[EventDate "2022.11.13"]
[EventType "k.o."]

1. e4 e6 2. d4 d5 3. Nc3 Nf6 4. e5 Nfd7 5. Nce2 c5 6. c3 Nc6 7. f4 Be7 8. Nf3
O-O 9. h4 f6 10. a3 a5 11. Ng3 Qb6 12. Bd3 cxd4 13. Bxh7+ Kxh7 14. Ng5+ Kg8 15.
Qh5 fxg5 16. hxg5 Ndxe5 17. fxe5 Nxe5 18. g6 Nxg6 19. Qxg6 dxc3 20. Qh7+ Kf7 21.
bxc3 Ke8 22. Ra2 Bd7 23. Rb2 Qc7 24. Ne2 Qe5 25. Rxb7 Bc6 26. Qg6+ Kd8 27. Rb1
Kd7 28. Rh7 Rh8 29. Bf4 Qf5 30. Qxf5 exf5 31. Rxh8 Rxh8 32. Kf2 Bxa3 33. Nd4 Bc5
34. Be3 Bxd4 35. Bxd4 a4 36. Bxg7 Ra8 37. Rd1 Ke6 38. Re1+ Kf7 39. Bd4 a3 40. c4
dxc4 41. Re5 Be4 42. g4 a2 43. gxf5 Bd3 44. Ba1 c3 45. Bxc3 a1=Q 46. Bxa1 Rxa1
47. Ke3 Bc4 48. Kf4 Rf1+ 49. Kg5 Rg1+ 50. Kf4 Kf6 51. Rc5 Rf1+ 52. Ke4 Ba2 53.
Rc6+ Kg5 54. Rg6+ Kh5 55. Ke5 Bb1 56. Rf6 Kg5 57. Rg6+ Kh5 58. Rf6 Bc2 59. Rf8
Kh6 60. Rf6+ Kg7 61. Rg6+ Kf7 62. Rf6+ Ke7 63. Re6+ Kd7 64. Rd6+ Kc7 65. Rf6
Re1+ 66. Kf4 Kd7 67. Rf7+ Ke8 68. Rf6 Bb3 69. Rb6 Bd5 70. Rd6 Ba2 71. Ra6 Bc4
72. Rc6 Bd5 73. Rd6 Bf7 74. Rd4 Kf8 75. Re4 Ra1 76. Ke5 Ra5+ 77. Kf6 Ra6+ 78.
Ke5 Ke7 79. Rb4 Ra5+ 80. Kf4 Bd5 81. Kg5 Ra1 82. Rb6 Rg1+ 83. Kf4 Re1 84. Rh6
Bf7 85. Rb6 Rc1 86. Rb7+ Kf6 87. Rb6+ Kg7 88. Rb7 Rf1+ 89. Kg5 Rg1+ 90. Kf4 Rg2
91. Ra7 Rc2 92. Kg5 Rg2+ 93. Kf4 Rh2 94. Rb7 Rh1 95. Ra7 Kf6 96. Ra6+ Ke7 1/2-1/2

[Event "chess.com SpeedChess Q2KO"]
[Site "chess.com INT"]
[Date "2022.11.13"]
[Round "1.9"]
[White "Salem, A.R. Saleh"]
[Black "Xiong, Jeffery"]
[Result "0-1"]
[WhiteTitle "GM"]
[BlackTitle "GM"]
[WhiteElo "2677"]
[BlackElo "2692"]
[WhiteFideId "9301348"]
[BlackFideId "2047640"]
[EventDate "2022.11.13"]
[EventType "k.o."]

1. d4 d5 2. c4 dxc4 3. Nf3 a6 4. Nc3 b5 5. e4 Bb7 6. a4 b4 7. Bxc4 e6 8. Qb3 Nc6
9. a5 Rb8 10. Na4 Nf6 11. Bd3 Nxa5 12. Qc2 Nc6 13. O-O b3 14. Qe2 Nxd4 15. Nxd4
Qxd4 16. Be3 Qd8 17. Rfd1 Qc8 18. Nc5 Bd6 19. Nxb7 Qxb7 20. Bxa6 Qxe4 21. Bb5+
Ke7 22. Ra4 Qf5 23. Bd3 Qh5 24. Qxh5 Nxh5 25. Bc4 Rb7 26. Rd3 Rhb8 27. g3 Nf6
28. Bd2 Nd7 29. Ra1 Ne5 30. Rd4 Nf3+ 0-1

[Event "chess.com SpeedChess Q2KO"]
[Site "chess.com INT"]
[Date "2022.11.13"]
[Round "1.10"]
[White "Grischuk, Alexander"]
[Black "Duda, Jan-Krzysztof"]
[Result "1-0"]
[WhiteTitle "GM"]
[BlackTitle "GM"]
[WhiteElo "2745"]
[BlackElo "2731"]
[WhiteFideId "4126025"]
[BlackFideId "1170546"]
[EventDate "2022.11.13"]
[EventType "k.o."]

1. Nf3 d5 2. g3 Nc6 3. d4 Bf5 4. Bg2 Nb4 5. Na3 e6 6. O-O Be7 7. Ne5 c6 8. c3
Na6 9. Qb3 Qc8 10. Nc2 h6 11. Ne3 Bh7 12. c4 Nf6 13. Bd2 O-O 14. Rfc1 Rd8 15.
Be1 Be4 16. Rd1 Bxg2 17. Nxg2 Nd7 18. Nf3 Nb6 19. cxd5 exd5 20. Ba5 Re8 21. Bxb6
axb6 22. Rac1 Bd6 23. e3 Nc7 24. a3 b5 25. Qd3 Qd7 26. Ngh4 Re4 27. Ng2 Rae8 28.
Ra1 Na6 29. Rdc1 g6 30. Qd1 R4e7 31. Nfe1 Kg7 32. Nd3 Qf5 33. a4 bxa4 34. Rxa4
Nc7 35. Rca1 Ne6 36. h4 g5 37. Ra8 Bb8 38. R8a4 Qg6 39. R1a3 Kh7 40. Qg4 f5 41.
Qd1 f4 42. exf4 gxf4 43. Ne5 Bxe5 44. dxe5 d4 45. Rxd4 Nxd4 46. Qxd4 fxg3 47.
Rxg3 Qb1+ 48. Kh2 Rxe5 49. Qg4 R5e7 50. Nf4 Qe4 51. f3 Qc2+ 52. Rg2 Qb1 53. Nh5
Kh8 54. Nf6 Qa2 55. Qg6 Qf7 56. Qxh6+ 1-0

[Event "chess.com SpeedChess Q2KO"]
[Site "chess.com INT"]
[Date "2022.11.13"]
[Round "1.10"]
[White "Naroditsky, Daniel"]
[Black "Dubov, Daniil"]
[Result "0-1"]
[WhiteTitle "GM"]
[BlackTitle "GM"]
[WhiteElo "2617"]
[BlackElo "2708"]
[WhiteFideId "2026961"]
[BlackFideId "24126055"]
[EventDate "2022.11.13"]
[EventType "k.o."]

1. e4 d6 2. d4 g6 3. Nc3 Bg7 4. Nf3 Nf6 5. Be2 O-O 6. O-O Nc6 7. h3 a6 8. a4 b6
9. d5 Na7 10. Be3 Bb7 11. Qd2 c6 12. Rfd1 cxd5 13. exd5 Re8 14. Bh6 Bh8 15. Qf4
Rc8 16. Ng5 Qc7 17. Bg4 Qc4 18. Rd4 Qc5 19. Nxf7 Nxg4 20. Ng5 Nxh6 21. Re4 Rf8
22. Qh4 Qxf2+ 23. Qxf2 Rxf2 24. Kxf2 Bf6 25. Nf3 Nf7 26. Rb4 b5 27. axb5 Nxb5
28. Nxb5 Rxc2+ 29. Kg3 axb5 30. Rxb5 Bc8 31. Ra8 Kg7 32. Ne1 Re2 33. Rxc8 Rxe1
34. b4 Rb1 35. Rb7 Rb3+ 36. Kf2 Ne5 37. b5 Nd3+ 38. Ke2 Nf4+ 39. Kd2 Nxd5 40.
Rd8 Rb2+ 41. Kd3 Kh6 42. Kc4 Ne3+ 43. Kd3 Rb3+ 44. Kd2 d5 45. g4 Kg5 46. Rbb8 d4
47. Ke2 Kf4 48. b6 Ke4 49. b7 Rb2+ 50. Ke1 Kf3 0-1

[Event "chess.com SpeedChess Q2KO"]
[Site "chess.com INT"]
[Date "2022.11.13"]
[Round "1.10"]
[White "Xiong, Jeffery"]
[Black "Salem, A.R. Saleh"]
[Result "1/2-1/2"]
[WhiteTitle "GM"]
[BlackTitle "GM"]
[WhiteElo "2692"]
[BlackElo "2677"]
[WhiteFideId "2047640"]
[BlackFideId "9301348"]
[EventDate "2022.11.13"]
[EventType "k.o."]

1. e4 e5 2. Nf3 Nc6 3. Bc4 Nf6 4. d3 Bc5 5. c3 O-O 6. O-O d6 7. Re1 a6 8. a4 Ba7
9. b4 Ne7 10. Nbd2 Ng6 11. Nf1 c6 12. Be3 Bb8 13. Bb3 d5 14. exd5 cxd5 15. Bg5
Re8 16. Ne3 Be6 17. Bxf6 gxf6 18. c4 d4 19. Nd5 Bxd5 20. cxd5 Bd6 21. b5 f5 22.
Bc4 Qf6 23. bxa6 bxa6 24. g3 Bb4 25. Re2 Bc3 26. Rb1 e4 27. Nd2 e3 28. Nf3 f4
29. Qf1 Rab8 30. Rxb8 Rxb8 31. Qh3 fxg3 32. Qxg3 Rb1+ 33. Kg2 Kh8 34. fxe3 dxe3
35. Rxe3 Nf4+ 36. Kf2 Bd4 37. Nxd4 Rb2+ 38. Kf1 Rb1+ 39. Re1 Nxd3+ 40. Ke2 Nxe1
41. Nb3 Nc2 42. Qb8+ Kg7 43. Qg3+ Kh8 44. Qb8+ Kg7 45. Qg3+ Qg6 46. Qc3+ f6 47.
Qg3 Na3 48. d6 Nxc4 49. d7 Rb2+ 50. Ke1 Rb1+ 51. Ke2 Rb2+ 52. Ke1 Qxg3+ 53. hxg3
Rb1+ 54. Ke2 Rb2+ 55. Ke1 Rb1+ 56. Ke2 Rb2+ 57. Ke1 1/2-1/2